Smash Character to Series - Picture Click #3 - Statistics

General Stats
  • This quiz has been taken 18 times
  • The average score is 9 of 10
Answer Stats
Hint Answer % Correct
Jigglypuff Pokémon
100%
Little Mac Punch-Out!!
100%
Lucina Fire Emblem
93%
Zero Suit Samus Metroid
93%
Mii Brawler Mii
93%
Ken Street Fighter
93%
Joker Persona
87%
Mythra Xenoblade Chronicles
87%
Banjo & Kazooie Banjo-Kazooie
80%
Ganondorf The Legend of Zelda
73%
No matching quizzes found
Score Distribution
Percent of People with Each Score
Percentile by Number Answered
Your Score History
You have not taken this quiz